Basic environmental engineering (Record no. 310897)

MARC details
000 -LEADER
fixed length control field 00465 a2200181 4500
005 - DATE & TIME
control field 20240430125437.0
008 - FIXED-LENGTH DATA ELEMENTS--GENERAL INFORMATION
fixed length control field 240419b |||||||| |||| 00| 0 eng d
020 ## - ISBN
International Standard Book Number 9789356092068
Price Rs. 795.00
040 ## - CATALOGING SOURCE
Original cataloging agency VIVEKANANDA LIBRARY
082 ## - DDC NUMBER
Classification number 628
Book Number P973B
100 ## - MAIN ENTRY--PERSONAL NAME
Personal name Puri, S D
245 ## - TITLE STATEMENT
Title Basic environmental engineering
260 ## - PUBLICATION, DISTRIBUTION, ETC. (IMPRINT)
Name of publisher, distributor, etc Arihant Books
Date of publication, distribution, etc 2023
Place of publication, distribution, etc New Delhi
300 ## - PHYSICAL DESCRIPTION
Pages viii, 220
650 ## - Subject
Subject Engineering
650 ## - Subject
Subject Environmental Engineering
942 ## - ADDED ENTRY ELEMENTS (KOHA)
Koha item type Books
Holdings
Withdrawn status Lost status Source of classification or shelving scheme Damaged status Not for loan Location (home branch) Sublocation or collection (holding branch) Shelving location Date acquired Koha issues (times borrowed) Koha full call number Accession No. Koha date last seen Koha item type
    Dewey Decimal Classification     VIVEKANANDA LIBRARY VIVEKANANDA LIBRARY UIET Library 20/01/2024   628 P973B 430122 20/01/2024 Books
© Designed and Maintained by Vivekananda Library, MDU Rohtak